| 000 | 00953cam a22002175a 4500 | ||
|---|---|---|---|
| 001 | L160183 | ||
| 008 | 181018s2017 xxk f 000 0 eng d | ||
| 020 | _a9781784516581 | ||
| 035 | _a(Sirsi) u160183 | ||
| 041 | 0 | _aeng | |
| 050 | 0 | 4 | _a711.4 |
| 100 | 1 | _aHarwood, Richard | |
| 245 | 0 | 0 | _aPlanning policy |
| 260 |
_aHaywards Heath _bBloomsbury Professional _c2017 |
||
| 300 | _axlv 680p 25cm | ||
| 520 | _aProvides advice and guidance on planning legislation, case law and good practice in plan-making. Looks at national policy in England, strategic, London and local and neighbourhood planning in England, brownfield land registers, national policy and local and strategic planning in Wales, Northern Ireland regional and local policy, Marine planning. Concludes with a review of dealing with legal challenges. | ||
| 651 | 4 | _aENGLAND AND WALES | |
| 690 |
_aPlanning and development _96259 |
||
| 710 | 1 | _aHutton, Victoria | |
| 942 |
_n0 _2ddc |
||
| 999 |
_c116265 _d116265 |
||